000 00984nam a2200253Ia 4500
003 OSt
005 20200827141611.0
008 191128s2006 ck fr 000 0 spa d
020 _a9587101154
040 _aCO-JMCR
_cCO-JMCR
041 0 _aspa
082 0 4 _a350.7232 /
_bG652c
_223
100 1 _aGómez Lee, Iván Darío,
_eautor
_9969
245 1 0 _aControl fiscal y seguridad jurídica gubernamental /
_cIván Darío Gómez Lee
250 _aPrimera edición
260 _aBogotá :
_bUniversidad Externado de Colombia,
_c2006
300 _a476 páginas ;
_c24 cm.
504 _aBibliografía: páginas 471-476
505 0 _aControl fiscal -- Los sujetos del control fiscal -- Deberes y obligaciones de los sujetos de control fiscal y efectos de su omisión -- Seguridad jurídica en la gestión gubernamental
650 1 4 _aAuditoría fiscal
_zColombia
_96902
650 1 4 _aGestión fiscal
_zColombia
_99369
650 1 4 _aHacienda pública
_zColombia
_96814
942 _2ddc
_cBK
999 _c5915
_d5915